| 000 | 00611nam a2200241 a 4500 | ||
|---|---|---|---|
| 003 | AR-BaBNM | ||
| 005 | 20251128203300.0 | ||
| 008 | 082120s2002 ||||||||||||||000 | spa|| | ||
| 020 | _a2.01.006723.1 | ||
| 040 | _cAR-BaBNM | ||
| 100 | 1 | _aCapelle, Guy | |
| 245 | 0 | 0 | _aGrammaire de base du français contemporain |
| 260 |
_aParis _bHachette _c1979 |
||
| 300 |
_a144 p. _bil., gráfs. |
||
| 650 | 4 | _aENSEÑANZA DE IDIOMAS | |
| 650 | 4 | _aFRANCES | |
| 650 | 4 | _aACTIVIDADES DE APRENDIZAJE | |
| 650 | 4 | _aGRAMATICA | |
| 650 | 4 | _aORTOGRAFIA | |
| 700 | 1 | _aFrérot, Jean-Louis | |
| 942 | _cBK | ||
| 998 | _cCarmen | ||
| 999 |
_c2700 _d2700 |
||